| 000 | 00703nam a22002057a 4500 | ||
|---|---|---|---|
| 999 |
_c20328 _d20328 |
||
| 003 | AR-CdUCM | ||
| 008 | 190528b ||||| |||| 00| 0 spa d | ||
| 040 |
_aMUNICIPALIDAD PROVINCIAL DEL CUSCO _cBIBLIOTECA MUNICIPAL DEL CUSCO |
||
| 082 |
_23ed _a631.37 / _bA71 |
||
| 100 |
_aArias Paz, Manuel _942504 |
||
| 245 | _aTractores / | ||
| 260 |
_aMadrid : _bDossat, _c1961. |
||
| 300 |
_a384 páginas ; _bIlustraciones, _c23 cm. |
||
| 505 | _aContenido: Funcionamiento del motor de un cilindro -- Motores de varios cilindros -- Elementos del motor... | ||
| 650 |
_aMotores _941289 |
||
| 650 |
_aTractores _942505 |
||
| 650 |
_aSistema eléctrico _942506 |
||
| 942 |
_2ddc _cLIBROS |
||
| 945 |
_adavv _d2019-05-28 |
||